000 00544nam a2200181 4500
001 112389
003 ES-MaACL
005 20231229062529.0
007 t|
008 061121s1934 sp r ||||1| spa d
100 1 _aOrtega y Gasset, José,
_d1883-1955
_987503
245 1 0 _aEstudios filosóficos
_b: el tema de nuestro tiempo /
_cJosé Ortega y Gasset.
250 _a3ª ed.
260 _aMadrid :
_b[s.n.],
_c1934 (
_fImp. de Galo Sèz)
300 _a234 p. ;
_c17 cm.
852 _aES-MaACL
_jF-14739
_bR.18437
999 _c112389
_d112389